[Event "Manaus op"]
[Site "Manaus"]
[Date "2024.10.17"]
[Round "9"]
[White "Bazzo, Juliano Joao"]
[Black "Ordozgoite, Gabriel Bento"]
[Result "0-1"]
[WhiteElo "1957"]
[BlackElo "1791"]
[PlyCount "70"]
[EventDate "2024.10.11"]
[EventType "swiss"]
[EventRounds "9"]
[EventCountry "BRA"]
[SourceTitle "CB43_2024"]
[Source "Chessbase"]
[SourceDate "2024.10.23"]
[SourceVersion "1"]
[SourceVersionDate "2024.10.23"]
[SourceQuality "1"]

1. Nf3 d5 2. g3 Nf6 3. Bg2 Bf5 4. d3 e6 5. 0-0 h6 6. c4 c6 7. Nbd2 Nbd7 8. b3 Be7 9. Bb2 Qc7 10. Re1 Bh7 11. e4 dxe4 12. Nxe4 0-0 13. Nfd2 e5 14. Nxf6+ Bxf6 15. Ne4 Rfe8 16. Qf3 Rad8 17. Rad1 Bxe4 18. dxe4 Nc5 19. Bh3 Ne6 20. Bxe6 Rxe6 21. c5 Rxd1 22. Rxd1 Qa5 23. Qc3 Qc7 24. Qd2 Re8 25. Qd7 Qb8 26. Qf5 Re6 27. Bc1 Qc7 28. Be3 Be7 29. Qg4 Qa5 30. Rd7 Bxc5 31. Bxc5 Qxc5 32. Rd8+ Kh7 33. Qf5+ Rg6 34. Qxf7 Rf6 35. Qg8+ Kg6 0-1

[Event "Manaus op"]
[Site "Manaus"]
[Date "2024.10.14"]
[Round "5"]
[White "Pereira, Armando Scharlau"]
[Black "Bazzo, Juliano Joao"]
[Result "0-1"]
[WhiteElo "1756"]
[BlackElo "1957"]
[PlyCount "67"]
[EventDate "2024.10.11"]
[EventType "swiss"]
[EventRounds "9"]
[EventCountry "BRA"]
[SourceTitle "CB43_2024"]
[Source "Chessbase"]
[SourceDate "2024.10.23"]
[SourceVersion "1"]
[SourceVersionDate "2024.10.23"]
[SourceQuality "1"]

1. d4 Nf6 2. c4 g6 3. Nc3 Bg7 4. Nf3 d6 5. g3 0-0 6. Bg2 Nc6 7. 0-0 e5 8. d5 Na5 9. Nd2 b6 10. e4 h6 11. Rb1 Nh7 12. b4 Nb7 13. Na4 Bd7 14. Nb2 f5 15. Nd3 a5 16. a3 a4 17. Qe2 Qe7 18. Bb2 g5 19. exf5 Bxf5 20. Ne4 Nf6 21. Ba1 Nxe4 22. Bxe4 Rf7 23. f3 Bh3 24. Rf2 Bd7 25. Rc1 Raf8 26. Rc2 Nd8 27. Bb2 Bf6 28. Bc1 Rg7 29. Kh1 Nf7 30. Ne1 h5 31. Ng2 Nh6 32. Qe3 Bh3 33. Ne1 Qd7 34. Ra2 0-1

[Event "Manaus op"]
[Site "Manaus"]
[Date "2024.10.12"]
[Round "2"]
[White "De Brito, Irineu Evangelista"]
[Black "Bazzo, Juliano Joao"]
[Result "1-0"]
[WhiteElo "1840"]
[BlackElo "1957"]
[PlyCount "24"]
[EventDate "2024.10.11"]
[EventType "swiss"]
[EventRounds "9"]
[EventCountry "BRA"]
[SourceTitle "CB43_2024"]
[Source "Chessbase"]
[SourceDate "2024.10.23"]
[SourceVersion "1"]
[SourceVersionDate "2024.10.23"]
[SourceQuality "1"]

1. d4 g6 2. Nf3 Nf6 3. g3 Bg7 4. Bg2 0-0 5. 0-0 d5 6. b3 c5 7. dxc5 Ne4 8. c3 Nxc3 9. Nxc3 Bxc3 10. Bh6 Bxa1 11. Qxa1 f6 12. Bxf8 Qxf8 1-0

[Event "Manaus op"]
[Site "Manaus"]
[Date "2024.10.11"]
[Round "1"]
[White "Almeida, Francisco Da Silva"]
[Black "Bazzo, Juliano Joao"]
[Result "1-0"]
[WhiteElo "1699"]
[BlackElo "1957"]
[PlyCount "75"]
[EventDate "2024.10.11"]
[EventType "swiss"]
[EventRounds "9"]
[EventCountry "BRA"]
[SourceTitle "CB43_2024"]
[Source "Chessbase"]
[SourceDate "2024.10.23"]
[SourceVersion "1"]
[SourceVersionDate "2024.10.23"]
[SourceQuality "1"]

1. d4 Nf6 2. c4 d6 3. Nf3 g6 4. Nc3 Bg7 5. Bg5 0-0 6. e3 h6 7. Bh4 Bf5 8. h3 g5 9. Bg3 Na6 10. a3 c5 11. Bd3 Bxd3 12. Qxd3 cxd4 13. Nxd4 Nc5 14. Qc2 Rc8 15. f3 Ne6 16. Qd3 Nh5 17. Bh2 Bxd4 18. exd4 Nef4 19. Bxf4 Nxf4 20. Qf1 Qb6 21. 0-0-0 Qb3 22. g3 Ne6 23. d5 Ng7 24. f4 Rxc4 25. Qe1 Rfc8 26. Rd3 b5 27. Kb1 b4 28. axb4 Rxb4 29. Rh2 a5 30. Qd2 a4 31. Na2 Qc4 32. Nxb4 a3 33. Nc6 a2+ 34. Ka1 Ra8 35. Nxe7+ Kf8 36. Re2 Qc5 37. Qc3 Qg1+ 38. Re1 1-0